000 00420nam a2200169Ia 4500
008 180921t2016 xxu||||| |||| 00| 1 sin d
041 _asin
080 _aX8C31
_bRAT
100 _aRathnayaka, Madawala S.
245 _aඅක්කර පහ
246 _aAkkara Paha
260 _bGunasena
_aColombo
_c2016
300 _aviii,261p., 21cm
942 _cBK
999 _c7204
_d7204
003 LK-CoDNM
040 _aLK-CoDNM
_dLK-CoDNM
_eLK-CoDNM